| 000 | 00362pam a2200157 a 4500 | ||
|---|---|---|---|
| 020 |
_a9780071813518 _c |
||
| 041 | _aeng | ||
| 082 |
_a617.3 _bSHA |
||
| 100 | _aSHAMUS F. | ||
| 245 |
_aTHE COLOR ATLAS OF PHYSICAL THERAPY _hTextual Documents |
||
| 250 | _a1. | ||
| 260 |
_bMCGRAW HILL _c2015 |
||
| 300 |
_a1395: _bXXI; _cHB. |
||
| 930 | _a6878 | ||
| 999 |
_c801405 _d801405 |
||
| 650 | _aORTHO | ||